000
00311nam a2200133Ia 4500
100
_a
Khurmi/R.S
942
_c
BK
654
_a
mechanics
245
_a
Hydralic fluid mechanics and hydraulic machines
260
_b
S.Chand and Co.
_a
New Dellhi
_c
1985
082
_a
532
_b
KHU
300
_a
982
546
_a
ENGLISH
999
_c
33610
_d
33610